| 000 | 04054nam a22004578i 4500 | ||
|---|---|---|---|
| 001 | BDZ0057054660 | ||
| 003 | StDuBDS | ||
| 005 | 20260310112426.0 | ||
| 006 | m|||||o||d|||||||| | ||
| 007 | cr ||||||||||| | ||
| 008 | 250303s2025 enk fo 000|0 eng|d | ||
| 020 |
_a9781800884311 (PDF ebook) : _c89.00 |
||
| 040 |
_aStDuBDS _beng _erda _epn _cStDuBDS _dStDuBDSZ |
||
| 050 | 4 |
_aKF5698 _b.M5 2025 |
|
| 072 | 7 |
_aLAW _2ukslc |
|
| 072 | 7 |
_aLN _2bicssc |
|
| 072 | 7 |
_aLNSH _2bicssc |
|
| 072 | 7 |
_aLNKJ _2bicssc |
|
| 072 | 7 |
_aLN _2thema |
|
| 072 | 7 |
_aLNSH _2thema |
|
| 072 | 7 |
_aLNKJ _2thema |
|
| 082 | 0 | 4 |
_a346.73045 _223 |
| 100 | 1 |
_aMiller, Stephen R., _d1975- _eauthor. |
|
| 245 | 1 | 0 |
_aAdvanced introduction to U.S. land use law _h[electronic resource] / _cStephen R. Miller. |
| 264 | 1 |
_aCheltenham : _bEdward Elgar Publishing, _c2025. |
|
| 300 | _a1 online resource (190 pages). | ||
| 336 |
_atext _2rdacontent |
||
| 337 |
_acomputer _2rdamedia |
||
| 338 |
_aonline resource _2rdacarrier |
||
| 366 |
_b20250214 _cAvailable |
||
| 490 | 1 | _aElgar advanced introductions | |
| 505 | 0 | _aContents -- 1 Introduction to Land Use Law -- 2 Authority to Engage in Land Use Regulation -- 3 The Comprehensive Plan -- 4 Zoning and its Alternatives -- 5 Land Use Administration -- 6 Subdivisions -- 7 Land Use and the Structure of Local Government -- 8 Land Use and the Environment -- 9 Special Topics in Land Use -- 10 Federal Interests in Land Use -- 11 Constitutional Limitations on Land Use Controls -- 12 Ethics | |
| 520 | 8 |
_aThis incisive and approachable book presents an overview of land use law and policy in the United States. Stephen R. Miller examines the legal processes that empower and restrict professional urban planning practice, through a narrative that brings together classic cases, innovative codes, and constitutional law. _bElgar Advanced Introductions are stimulating and thoughtful introductions to major fields in the social sciences, business and law, expertly written by the world's leading scholars. Designed to be accessible yet rigorous, they offer concise and lucid surveys of the substantive and policy issues associated with discrete subject areas.This incisive and approachable book presents an overview of land use law and policy in the United States. Stephen R. Miller examines the legal processes that empower and restrict professional urban planning practice, through a narrative that brings together classic cases, innovative codes, and constitutional law.Key land use planning tools, decision making processes and power structures are highlighted in chapters that stress both new alternatives as well as legal limitations. The book also outlines common constitutional claims in land use law while exploring solutions to many of urban planning's most challenging problems.Key Features:Explores all three legal systems for land use control in the USA: common law, private agreements, such as restrictive covenants, and public regulation, such as zoningAnalyzes traditional zoning and its alternatives, as well as tens of related concepts such as comprehensive plans, subdivisions, and impact feesPresents new solutions to challenging problems like affordable housing, climate change, environmental justice, and universal design within statutory and constitutional limitationsInformative and engaging, the Advanced Introduction to U.S. Land Use Law is a necessary resource for students and academics in law, urban planning, and environmental studies. It will also benefit city council members, local government staff, architects, and environmental consultants involved in planning and zoning matters. |
|
| 588 | _aDescription based on CIP data; resource not viewed. | ||
| 650 | 0 |
_aLand use _xLaw and legislation _zUnited States. |
|
| 650 | 7 | _aEBOOK | |
| 776 | 0 | 8 |
_iPrint version : _z9781800884304 |
| 830 | 0 | _aElgar advanced introductions. | |
| 856 | 4 | 0 |
_uhttps://www.vlebooks.com/product/openreader?id=RICS&accId=9491556&isbn=9781800884311 _zAvailable via Vlebooks (email [email protected] for access) |
| 942 | _2ddc | ||
| 999 |
_c122304 _d122304 |
||